000 00345nam a2200133Ia 4500
008 151001s9999||||xx |||||||||||||| ||und||
100 _aव बा बोधे
245 _aघूस
250 _a1
260 _bगुलमोहर प्रकाशन सातारा
260 _c1991
300 _a167
365 _b18
999 _c970606
_d970603